Un camino accidentado hacia la estabilidad
সংরক্ষণ করুন:
| বিন্যাস: | পাঠ্য |
|---|---|
| বিষয়গুলি: | |
| ট্যাগগুলো: |
ট্যাগ যুক্ত করুন
কোনো ট্যাগ নেই, প্রথমজন হিসাবে ট্যাগ করুন!
|
MARC
| LEADER | 00000 a a2200000 04500 | ||
|---|---|---|---|
| 001 | 6599 | ||
| 003 | |||
| 040 | |||
| 245 | |a Un camino accidentado hacia la estabilidad | ||
| 650 | |a CORRUPCION | ||
| 650 | |a POBREZA | ||
| 650 | |a RESPONSABILIDAD LEGAL | ||
| 773 | |g volumen 23, número 1013; páginas 10-12 | ||
| 999 | |c 22823 |d 22823 | ||
